Genetic programming III : darwinian invention and problem solving

Αποθηκεύτηκε σε:
Λεπτομέρειες βιβλιογραφικής εγγραφής
Κύριος συγγραφέας: Koza, John
Μορφή: Βιβλίο
Γλώσσα:English
Δημοσίευση: San Francisco, California : Morgan Kaufmann, c1999
Θέματα:
Ετικέτες: Προσθήκη ετικέτας
Δεν υπάρχουν, Καταχωρήστε ετικέτα πρώτοι!

MARC

LEADER 00000cam a2200000 i 4500
001 1/17493
008 010222s1999 eng d
020 |a 1-55860-543-6 (hbk.) 
035 |l 10066158 
040 |a GR-MY-UA  |b gre  |e aacr 
041 0 |a eng 
082 0 |a 006.31 
100 1 |a Koza, John. 
245 1 0 |a Genetic programming III :  |b darwinian invention and problem solving /  |c John R. Koza 
260 |a San Francisco, California :   |b Morgan Kaufmann,   |c c1999 
300 |a xxviii, 1154 p. 
504 |a Includes bibliography and index 
650 0 0 |a Genetic programming (Computer science) 
852 |a INST  |b CHIOS  |e 20010222  |h 006.31 GEN  |p 005200017317  |q 005200017317  |t BK  |y 0 
852 |a INST  |b CHIOS  |e 20050310  |h 006.31 GEN  |p 005200021774  |q 005200021774  |t BK  |y 0 
901 |a BIBL2-2001-1 
901 |a BIBL2-2005-1 
909 |a Χ  |b 083250 
909 |a Χ  |b 113084 
920 |a ΔΙΕΥΡΥΝΣΗ  |b ΕΠΕΑΕΚ-ΤΜΟΔ  |y ΧΙΟΣ  |z 2004-12 
970 |a ΣΠΕΝΤΖΑ  |b ΕΛΕΝΗ  |z 2001/02/22